01235cam a22003134a 450000100090000000300040000900500170001300800410003001000170007102000280008804000180011604200080013405000230014208200240016510000380018924501030022726000720033030000330040250400660043565000560050165000210055765000140057865000240059270000460061690600450066294200540070795201430076199900170090413153895OSt20231229143452.0030409s2004 enka b 001 0 eng  a 2003050035 a0754619419 (alk. paper) aDLCcDLCdDLC apcc00aTL671.9b.P38 200400a629.13460685bDIN/R1 aPatankar, Manoj S.,d1968-91023810aRisk management and error reduction in aviation maintenance /cManoj S. Patankar, James C. Taylor. aAldershot, Hampshire, England ;aBurlington, VT :bAshgate,cc2004. axv, 214 p. :bill. ;c24 cm. aIncludes bibliographical references (p. [203]-212) and index. 0aAirplanesxMaintenance and repairxQuality control. 0aRisk management. 0aAirlines. 0aAircraft accidents.1 aTaylor, James C.q(James Chapman),d1937- a7bcbccorignewd1eocipf20gy-gencatlg 2ddccBKh629.13460685iDIN/Rk629.13460685mDIN/R 00102ddc40708TOURISMaMESbMEScTOURISM d2024-01-18l0o629.13460685 DIN/Rp45091r2024-01-18 16:27:35v5739.70w2024-01-18yBKzU2R2 c44242d44242